01040nam a2200217 a 450000100100000000500170001000800410002702000150006804000250008308200140010810000270012224502000014926001100034930000210045949000460048050000680052670000460059483000530064095201120069399900170080500004181920201002035755.0131018s2000 sp 000 0 spa d a8400078713 aDO-SdBNPbspacBNPHU axxxbxxxx1 aOrtega, Pascual96869310aMusulmanes en Cataluña :blas comunidades Musulmanas de las encomiendas templarias y hospitalarias de Ascó y Miravet (siglos XII-XIV) /cPascual Ortega; prólogo, Maria Teresa Ferrer Mallol. aBarcelona, :bConsejo Superior de Investigaciones CientíficasbInstitución Milá y Fontanals,c2000. a192 p. ;c24 cm.1 aAnuario de estudios medievalesaAnejov39 aIncluye notas y referencias bibliografícas al pie de página1 aFerrer Mallol, Maria Teresaeprol.967807 0aAnuario de estudios medievalespAnejov39964050 001050718MOaGRbGRcCTd2013-10-18iLF1l0oxxx xxxxp41819-10r2020-06-25w2020-06-25y1ZNo se presta c41308d41308